| 000 | 03851nam a22003257a 4500 | ||
|---|---|---|---|
| 001 | EPSCPA 0002 | ||
| 003 | gtcocun | ||
| 005 | 20250820171640.0 | ||
| 006 | a||||gr|||| 00| 0 | ||
| 007 | ta | ||
| 008 | 250820b2010 gt ||||| m||| 00| 0 eng d | ||
| 040 |
_agtcocun _bSPA _cgtcocun _eRDA |
||
| 041 | _aSPA EPSCPA 0002 | ||
| 084 | _0EPSCPA 0002 | ||
| 100 |
_aMejía Ortiz, Miguel _eAutor |
||
| 245 |
_aINFORME FINAL DEL EJERCICIO PROFESIONAL SUPERVISADO REALIZADO EN FEDERACIÓN DE COOPERATIVAS DE LAS VERAPACES, RESPONSABILIDAD LIMITADA, FEDECOVERA, R.L./ _cMiguel Mejía Ortiz. _hImpreso |
||
| 264 |
_aCobán, Alta Verapaz: _bUniversidad de San Carlos de Guatemala, Centro Universitario del Norte, Carrera de Contaduría Pública y Auditoría _c2010 |
||
| 300 |
_a87 p.: _bIlustraciones, gráficas. _c28 cm; |
||
| 336 |
_2rdacontenido _aTexto _btxt |
||
| 337 |
_2rdamedio _aComputadora _bn |
||
| 338 |
_2rdasoporte _aCódigo en línea _bcr |
||
| 502 | _eEPSCPA 0002 | ||
| 502 |
_aTesis de grado _bCarrera de Contaduría Pública y Auditoría, _cUniversidad de San Carlos de Guatemala, Centro Universitario del Norte, Carrera de Contaduría Pública y Auditoría _d2010 _oEPSCPA 0002 |
||
| 520 | 1 | 4 | _aLa Facultad de Ciencias Económicas de la Universidad de San Carlos de Guatemala, extensión Centro Universitario del Norte, CUNOR, en cumplimiento de sus objetivos de contribuir en la solución de los problemas del Municipio de Cobán, del Departamento de Alta Verapaz, ha instituido el Ejercicio Profesional Supervisado (EPS), por medio del cual se elaboran investigaciones con la participación de estudiantes de Contaduría Pública y Auditoría, en donde se pone en práctica sus conocimientos, confrontando teoría con la práctica, colaborando en la búsqueda de soluciones de problemas. El tema específico considerado en este informe trata sobre la IMPLEMENTACION DEL DEPARTAMENTO DE AUDITORIA INTERNA, de la organización FEDERACION DE COOPERATIVAS DE LAS VERAPACES, RESPONSABILIDAD LIMITADA, FEDECOVERA, R.L. cuyo nombre comercial es FEDECOVERA, R.L., que es una organización cooperativa de segundo grado, ubicada en la Cabecera del Municipio de Cobán, Alta Verapaz, en la Finca Chimax, 6ª. Calle 5-05 de la Zona 11; el EPS comprenderá de los meses de febrero a octubre de 2010, y pretende aportar a esta organización la implementación de este Departamento. Para la realización del trabajo se elaboró un cronograma de actividades para cubrir los distintos departamentos que conforman la estructura organizativa de Fedecovera, siendo las principales: Departamento Administrativo Financiero, sección de compras, sección de tesorería, sección de créditos, sección de suministros y la sección de proyectos. En el desarrollo de las actividades programadas se analizaron y observaron todos aquellos aspectos importantes que se relacionan con los controles y procedimientos internos, que son de cumplimiento obligatorio para el personal de las distintas secciones que conforman la organización Cooperativa FEDECOVERA, R.L. Para alcanzar los resultados de acuerdo a la candelarizado en el cronograma de actividades, se emplearon métodos prácticos, recursos de investigación, así como pruebas empleadas en la obtención de información y técnicas como: cuestionarios, observación, análisis y revisión, inspección, para obtener información necesaria para emitir las correspondientes conclusiones y recomendaciones. |
| 650 | 1 | 4 |
_2LEMB _aCobán, Alta Verapaz _xAuditoría _xAuditoría interna _xFEDECOVERA, R.L. _xOrganización _xCronograma de actividades _xDepartamento administrativo financiero |
| 700 |
_aLic. Edin Armando Leal Herrera _eAsesor |
||
| 856 |
_uSin archivo en línea _zSin archivo en línea |
||
| 942 |
_2ddc _cTES _iEPSCPA 0002 _kClasificación _n0 _6EPSCPA_0002_000000000000000 |
||
| 999 |
_c1228 _d1228 |
||